Evaluación preliminar del nivel de contaminación del agua de escorrentía urbana en la cuenca de la Quebrada Los Negritos
Gardado en:
| Autor Principal: | |
|---|---|
| Formato: | Libro |
| Publicado: |
[San José, Costa Rica]
2004
|
| Materias: | |
| Etiquetas: |
Engadir etiqueta
Sen Etiquetas, Sexa o primeiro en etiquetar este rexistro!
|
MARC
| LEADER | 00000nam a2200000Ia 4500 | ||
|---|---|---|---|
| 003 | 009382 | ||
| 005 | 20221231144136.0 | ||
| 008 | 140114s2004 cr a m 000 ||s d | ||
| 040 | |c cru CEDI | ||
| 090 | |a TFG 4921 | ||
| 100 | |a Masís Ramírez, Silvia Gabriela |9 6360 | ||
| 245 | |a Evaluación preliminar del nivel de contaminación del agua de escorrentía urbana en la cuenca de la Quebrada Los Negritos | ||
| 260 | |c 2004 |a [San José, Costa Rica] | ||
| 300 | |a vi, 100 hojas : ilustraciones a color | ||
| 500 | |a Tesis (licenciatura en ingeniería civil)--Universidad de Costa Rica. Facultad de Ingeniería. Escuela de Ingeniería Civil | ||
| 650 | |x CALIDAD DEL AGUA |x CONTAMINACION DEL AGUA |x ESCORRENTIA |x QUEBRADA LOS NEGRITOS (COSTA RICA) |9 6361 | ||
| 942 | |c TFG | ||
| 999 | |c 17498 |d 17498 | ||
